[Event "Championnat de France des Jeunes - Juniors"]
[Site "Aix les Bains"]
[Date ""]
[Round "6.1"]
[White "Frederic, Clement"]
[Black "Guilleux, Fabien"]
[Result "*"]
[WhiteElo "2208"]
[BlackElo "2313"]
[Annotator ""]

1. b3 e5 2. Bb2 Nc6 3. e3 Nf6 4. Nf3 e4 5. Nd4 Nxd4 6. Bxd4 b6 7. c4 Bb7 8. Be2
Be7 9. f3 O-O 10. Nc3 c5 11. Be5 d6 12. Bg3 d5 13. Qc2 exf3 14. Bxf3 Qd7 15.
O-O Rad8 16. cxd5 Nxd5 17. Nxd5 Bxd5 18. Bxd5 Qxd5 19. Rad1 Qd3 20. Qxd3 Rxd3
21. Kf2 Rfd8 22. Ke2 b5 23. Rf4 f6 24. Be1 a5 25. Rc1 a4 26. bxa4 b4 27. Rc2
Ra3 28. Rfc4 Rxa4 29. d4 cxd4 30. Rxd4 Rda8 31. Kf3 Kf7 32. Rc7 R4a7 33. Rxa7
1/2-1/2

[Event "Championnat de France des Jeunes - Junio"]
[Site "Aix les Bains"]
[Date "2009.04.23"]
[Round "6.2"]
[White "Houriez, Clement"]
[Black "Favarel, Antoine"]
[Result "1-0"]
[WhiteElo "2284"]
[BlackElo "2204"]
[PlyCount "113"]

1. e4 c5 2. Nf3 Nc6 3. d4 cxd4 4. Nxd4 Nf6 5. Nc3 e5 6. Ndb5 d6 7. Bg5 a6 8.
Na3 b5 9. Nd5 Be7 10. Bxf6 Bxf6 11. c4 b4 12. Nc2 Rb8 13. b3 Bg5 14. g3 Be6 15.
h4 Bh6 16. Qh5 Bxd5 17. cxd5 Na5 18. Bxa6 Qc7 19. Qe2 Qc3+ 20. Kf1 O-O 21. Kg2
f5 22. exf5 Rxf5 23. Bd3 Rf7 24. h5 Rbf8 25. Raf1 Qc5 26. f3 Qxd5 27. Qe4 Qxe4
28. Bxe4 Ra7 29. Nxb4 Rb8 30. Nd5 Nc6 31. Rf2 Nb4 32. Nxb4 Rxb4 33. Rd1 Be3 34.
Rc2 Bc5 35. Bd5+ Kf8 36. a4 Ke7 37. Bc4 h6 38. f4 exf4 39. gxf4 Kd7 40. Kf3 Kc6
41. Bd5+ Kb6 42. Rg2 Re7 43. Bc4 Ka5 44. Rg6 Rb6 45. Rd2 Kb4 46. Ra2 Ka5 47.
Re2 Rbb7 48. Rge6 Rxe6 49. Rxe6 Kb4 50. Ke4 Ra7 51. Re8 Rb7 52. Bd5 Ra7 53. Kf5
Kc3 54. Kg6 Kd3 55. Bf7 Bd4 56. Rd8 Ra6 57. Bc4+ 1-0

[Event "Championnat de France des Jeunes - Juniors"]
[Site "Aix les Bains"]
[Date ""]
[Round "6.3"]
[White "Le Bail, Clara"]
[Black "Gras, Delphine"]
[Result "1/2-1/2"]
[WhiteElo "2048"]
[BlackElo "1982"]
[Annotator ""]

1. d4 d5 2. Nf3 Nf6 3. c4 e6 4. g3 dxc4 5. Bg2 c6 6. Ne5 Bb4+ 7. Nc3 Nd5 8. Bd2
Nb6 9. Ne4 Bxd2+ 10. Qxd2 f6 11. Nf3 O-O 12. O-O Na6 13. Qc1 Qd5 14. Ned2 Qb5
15. a4 Nxa4 16. Nxc4 Nb6 17. Nfd2 Rd8 18. e3 Nc7 19. Qc2 Nxc4 20. Nxc4 Qh5 21.
Ra5 Nb5 22. Rfa1 a6 23. Qb3 Qe8 24. Bh3 Rb8 25. Nb6 Kf7 26. Rc1 Bd7 27. Qb4 Qe7
28. Qc4 Nd6 29. Qc2 g6 30. Na4 Re8 31. Nc5 Qd8 32. Raa1 Re7 33. Qb3 f5 34. Bg2
Qe8 35. Qb4 Kf8 36. Nd3 Nf7 37. Qc3 1/2-1/2

[Event "Championnat de France des Jeunes - Junio"]
[Site "Aix les Bains"]
[Date "2009.04.23"]
[Round "6.4"]
[White "Lagarde, Maxime"]
[Black "Bressac, Stephane"]
[Result "1-0"]
[WhiteElo "2346"]
[BlackElo "2142"]
[PlyCount "53"]

1. e4 e6 2. d4 d5 3. Nc3 Nf6 4. Bg5 Be7 5. e5 Nfd7 6. h4 c5 7. Bxe7 Kxe7 8. Qg4
Nc6 9. Nf3 cxd4 10. Nb5 Qa5+ 11. Kd1 Kf8 12. Qf4 Qb4 13. Bd3 Qxb2 14. Rc1 Nc5
15. Nd6 Nd8 16. Nxf7 Nxf7 17. Ng5 Ke8 18. Qxf7+ Kd8 19. Qxg7 Re8 20. Nf7+ Kd7
21. Nd6+ Re7 22. Bb5+ Qxb5 23. Qxe7+ Kxe7 24. Nxb5 Ne4 25. Ke1 Nc3 26. Nxc3
dxc3 27. Rh3 1-0

[Event "Championnat de France des Jeunes - Junio"]
[Site "Aix les Bains"]
[Date "2009.04.23"]
[Round "6.5"]
[White "Wojtkowski, Frederic"]
[Black "Valles, Manuel"]
[Result "1-0"]
[WhiteElo "1923"]
[BlackElo "2125"]
[PlyCount "147"]

1. d4 Nf6 2. e3 g6 3. f4 Bg7 4. c3 b6 5. Nf3 c5 6. Bc4 O-O 7. O-O d5 8. Bd3 Ba6
9. Bxa6 Nxa6 10. Nbd2 Qc8 11. Ne5 Ne4 12. g4 f6 13. Nd3 Nxd2 14. Bxd2 c4 15.
Ne1 f5 16. g5 Nc7 17. Rf3 Ne8 18. Rh3 Nd6 19. Nf3 Ne4 20. Qe1 Rf7 21. Qf1 e6
22. Be1 Rc7 23. Rh4 b5 24. Qh3 Bh8 25. Rh6 Qe8 26. Nd2 Nd6 27. Nf3 a5 28. Bd2
Rb8 29. a3 Ne4 30. Be1 Rcb7 31. Nd2 Nd6 32. Nf3 Nc8 33. Bd2 Rd7 34. Be1 Na7 35.
Bd2 Nc6 36. Be1 Qf7 37. Bd2 Ra7 38. Ne1 b4 39. a4 Rab7 40. Kf1 Qd7 41. Kf2 Na7
42. Qg2 Bg7 43. Rh3 b3 44. Rg3 Nc8 45. h4 Nb6 46. h5 Nxa4 47. Rb1 Nb6 48. hxg6
hxg6 49. Rh3 a4 50. Qh2 Ra7 51. Ng2 a3 52. bxa3 Kf7 53. Rh7 Rg8 54. Nh4 Rxa3
55. Nxg6 Ke8 56. Ne5 Qb7 57. Qh5+ Kd8 58. Nf7+ Kc7 59. Qg6 Kb8 60. Rxg7 Rxg7
61. Qxg7 Nc8 62. Qf8 Qe7 63. Qxe7 Nxe7 64. Bc1 Ra2+ 65. Bb2 Kc7 66. Kg3 Ng6 67.
Ne5 Nxe5 68. dxe5 Kd7 69. Kh4 Ke7 70. Kh5 Ra8 71. Kg6 Rh8 72. Ba3+ Kd7 73. Kf6
Ra8 74. Bb4 1-0

[Event "Championnat de France des Jeunes - Junio"]
[Site "Aix les Bains"]
[Date "2009.04.23"]
[Round "6.6"]
[White "Pouchon, Mickael"]
[Black "Brethes, Francois"]
[Result "0-1"]
[WhiteElo "1902"]
[BlackElo "2272"]
[PlyCount "73"]

1. e4 e6 2. Qe2 e5 3. g3 Nf6 4. Bg2 c6 5. d3 Bc5 6. c3 a5 7. Nf3 Qe7 8. Be3
Bxe3 9. Qxe3 d6 10. O-O Bg4 11. Nh4 Nbd7 12. f3 Be6 13. Nd2 O-O 14. Rae1 d5 15.
Nf5 Bxf5 16. exf5 Qc5 17. d4 exd4 18. Qxd4 Qxd4+ 19. cxd4 Rfe8 20. Kf2 Kf8 21.
Nb3 a4 22. Nc1 Nb6 23. Nd3 Nc4 24. g4 Rxe1 25. Rxe1 Ne8 26. Bf1 Nc7 27. Nc5
Nxb2 28. Nxb7 Nb5 29. Kg3 Nxd4 30. Nc5 Ra7 31. Rb1 a3 32. Rc1 Ke7 33. Rc3 Kd6
34. h4 Re7 35. Kg2 Nd1 36. Nb7+ Rxb7 37. Rd3 0-1

[Event "Championnat de France des Jeunes - Junio"]
[Site "Aix les Bains"]
[Date "2009.04.23"]
[Round "6.7"]
[White "Perrusset, Barbara"]
[Black "Poignot, Quentin"]
[Result "0-1"]
[WhiteElo "1817"]
[BlackElo "2148"]
[PlyCount "112"]

1. e4 c5 2. Nf3 d6 3. Bb5+ Bd7 4. Bxd7+ Qxd7 5. O-O Nf6 6. e5 dxe5 7. Nxe5 Qd6
8. Qe2 Nbd7 9. Nc4 Qc7 10. Nc3 a6 11. a4 e6 12. f4 g6 13. d3 Bg7 14. f5 e5 15.
Bf4 Nh5 16. Nd5 Qb8 17. Be3 b6 18. fxg6 hxg6 19. Qf3 O-O 20. g4 Nhf6 21. Ne7+
Kh8 22. Qh3+ Nh7 23. g5 Qd8 24. Nd5 Kg8 25. Qh4 f5 26. gxf6 Nhxf6 27. Nxf6+
Rxf6 28. Bg5 Rxf1+ 29. Rxf1 Qe8 30. Nd6 Qe6 31. Ne4 Rf8 32. Rxf8+ Nxf8 33. Qg3
Qa2 34. Nf6+ Bxf6 35. Bxf6 Qb1+ 36. Kg2 Qxc2+ 37. Kh3 Qxa4 38. Bxe5 Qd7+ 39.
Kg2 Qf5 40. Bc3 Nd7 41. Qe3 Kf7 42. Qg3 b5 43. Qd6 b4 44. Be1 Qe6 45. Qf4+ Nf6
46. Bf2 Qd5+ 47. Kg1 Qxd3 48. Qc7+ Qd7 49. Qxc5 Qd1+ 50. Kg2 Qd5+ 51. Kg1 Qxc5
52. Bxc5 a5 53. Bb6 a4 54. Bc5 Nd5 55. Kf2 a3 56. bxa3 bxa3 0-1

[Event "Championnat de France des Jeunes - Junio"]
[Site "Aix les Bains"]
[Date "2009.04.23"]
[Round "6.8"]
[White "Flaquet, Sebastien"]
[Black "Brih, Touatia"]
[Result "0-1"]
[WhiteElo "1707"]
[BlackElo "1960"]
[PlyCount "106"]

1. c4 e5 2. Nc3 Nf6 3. g3 Bb4 4. Bg2 O-O 5. d3 d5 6. cxd5 Nxd5 7. Bd2 c6 8. Nf3
f6 9. O-O Bxc3 10. bxc3 Be6 11. Rb1 Qc8 12. Qc2 Na6 13. d4 e4 14. Ne1 f5 15. e3
Nb6 16. f3 Nc4 17. Bc1 exf3 18. Nxf3 Bd5 19. Nd2 Nxe3 20. Bxd5+ cxd5 21. Qb3
Nxf1 22. Nxf1 Qe6 23. Bf4 Rac8 24. Be5 Nb8 25. Ne3 Rfd8 26. Qc2 g6 27. Rxb7 Nd7
28. Bf4 Nb6 29. Be5 Rd7 30. Rxd7 Qxd7 31. Qc1 Qf7 32. Qe1 Nd7 33. Bf4 Nf6 34.
Be5 Ne4 35. Nd1 Qb7 36. c4 Rxc4 37. Qa5 Rc1 38. Qa4 Qc6 39. Qb3 Nd2 40. Qb8+
Qc8 41. Qd6 Nf3+ 42. Kg2 Nxe5 43. Ne3 Nf7 44. Qe7 Qd8 45. Qa3 Rb1 46. Qc5 Qe8
47. Qc3 Qe4+ 48. Kf2 Ng5 49. Qc8+ Kg7 50. Qc7+ Kh6 51. Qf4 Rb2+ 52. Ke1 Qxf4
53. gxf4 Nf3+ 0-1

[Event "Championnat de France des Jeunes - Junio"]
[Site "Aix les Bains"]
[Date "2009.04.23"]
[Round "6.9"]
[White "Congiu, Mathilde"]
[Black "Attarian, Florent"]
[Result "1/2-1/2"]
[WhiteElo "2212"]
[BlackElo "1894"]
[PlyCount "86"]

1. e4 d5 2. exd5 Nf6 3. Bb5+ Bd7 4. Bc4 b5 5. Bb3 a5 6. a3 Bg4 7. f3 Bc8 8. Nc3
Ba6 9. d3 Nbd7 10. Be3 Nb6 11. Bxb6 cxb6 12. Nh3 g6 13. O-O Bg7 14. Qe1 O-O 15.
Qh4 Bb7 16. d6 Qxd6 17. Kh1 Bc6 18. Rae1 e6 19. Ng5 Rac8 20. Nce4 Bxe4 21. fxe4
h6 22. Nxf7 Rxf7 23. e5 Qd8 24. exf6 Rxf6 25. Rxf6 Qxf6 26. Qxf6 Bxf6 27. Bxe6+
Kg7 28. c3 b4 29. axb4 axb4 30. d4 bxc3 31. bxc3 b5 32. Re4 Rd8 33. g3 b4 34.
cxb4 Rxd4 35. Rxd4 Bxd4 36. Kg2 Kf6 37. Bd5 Ke5 38. Kf3 Bb6 39. Kg4 Kf6 40. Kf4
h5 41. Ke4 g5 42. h3 h4 43. gxh4 gxh4 1/2-1/2

[Event "Championnat de France des Jeunes - Junio"]
[Site "Aix les Bains"]
[Date "2009.04.23"]
[Round "6.10"]
[White "Lepigoche, Cyril"]
[Black "Roubert, Emile"]
[Result "1-0"]
[WhiteElo "1973"]
[BlackElo "1918"]
[PlyCount "97"]

1. c4 e5 2. g3 Nc6 3. Bg2 f5 4. Nc3 Nf6 5. e3 g6 6. Nge2 Bg7 7. d3 d6 8. O-O
O-O 9. Rb1 g5 10. Nd5 Ne7 11. Qc2 c6 12. Nxf6+ Rxf6 13. b4 Qe8 14. f4 g4 15. b5
Bd7 16. a4 h5 17. Ba3 Rh6 18. Rb3 Rb8 19. Rfb1 b6 20. Qd2 c5 21. Bb2 Ng6 22.
Ra3 Bc8 23. e4 exf4 24. Nxf4 Ne5 25. a5 Bb7 26. Nd5 Bxd5 27. exd5 h4 28. axb6
axb6 29. Qf2 hxg3 30. Qxg3 Qh5 31. Ra7 Rg6 32. Kh1 Rf8 33. Rf1 f4 34. Rxf4 Rxf4
35. Qxf4 g3 36. h3 Rf6 37. Qxg3 Rg6 38. Qh2 Qd1+ 39. Qg1 Qxd3 40. Qf1 Qg3 41.
Ra8+ Kh7 42. Be4 Nf3 43. Bxf3 Bxb2 44. Be4 Be5 45. Bxg6+ Qxg6 46. Ra7+ Kh6 47.
Qc1+ Kh5 48. Qd1+ Kh4 49. Rh7+ 1-0

[Event "Championnat de France des Jeunes - Junio"]
[Site "Aix les Bains"]
[Date "2009.04.23"]
[Round "6.11"]
[White "Grimmer, Jonathan"]
[Black "Flores, Francisco"]
[Result "1-0"]
[WhiteElo "1875"]
[BlackElo "1810"]
[PlyCount "113"]

1. d4 d5 2. Nf3 c6 3. Bf4 Nf6 4. e3 Bg4 5. Be2 Nbd7 6. Nbd2 e6 7. O-O Be7 8. h3
Bh5 9. c4 O-O 10. c5 Re8 11. Rc1 h6 12. Qb3 Qc8 13. Bd3 Bxf3 14. Nxf3 Bd8 15.
Qc2 Bc7 16. b4 e5 17. dxe5 Nxe5 18. Bxe5 Bxe5 19. Rfe1 Qc7 20. Nd4 a6 21. a4
Rad8 22. Nb3 Ne4 23. Bxe4 Bh2+ 24. Kh1 Rxe4 25. g3 Bxg3 26. fxg3 Qxg3 27. Qg2
Rxe3 28. Qxg3 Rxg3 29. Na5 Rxh3+ 30. Kg2 Rh4 31. Rb1 Rb8 32. Re7 Kf8 33. Rxb7
Rxb7 34. Nxb7 Ke8 35. Nd6+ Kf8 36. b5 axb5 37. axb5 cxb5 38. c6 Ra4 39. c7 Ra2+
40. Kf1 Rc2 41. c8=Q+ Rxc8 42. Nxc8 Ke8 43. Nd6+ Ke7 44. Nxb5 f5 45. Rd1 Ke6
46. Nc7+ Ke5 47. Rxd5+ Ke4 48. Rd7 g5 49. Rh7 g4 50. Kf2 f4 51. Rxh6 g3+ 52.
Kg2 Kf5 53. Kf3 Kg5 54. Rb6 g2 55. Kxg2 Kg4 56. Rb4 Kg5 57. Kf3 1-0

[Event "Championnat de France des Jeunes - Junio"]
[Site "Aix les Bains"]
[Date "2009.04.23"]
[Round "6.12"]
[White "Figier, Anthony"]
[Black "Esposito, Julie"]
[Result "1-0"]
[WhiteElo "1630"]
[BlackElo "1840"]
[PlyCount "37"]

1. e4 c5 2. Nf3 a6 3. d4 cxd4 4. Nxd4 Nf6 5. Nc3 e5 6. Nb3 Bb4 7. Qd3 d6 8. Bd2
b5 9. O-O-O Nc6 10. Nd5 Bc5 11. Nxc5 dxc5 12. Bg5 Nd4 13. c3 Bg4 14. f3 c4 15.
Qb1 Be6 16. cxd4 Bxd5 17. dxe5 Bxe4 18. Rxd8+ Rxd8 19. fxe4 1-0

[Event "Championnat de France des Jeunes - Junio"]
[Site "Aix les Bains"]
[Date "2009.04.23"]
[Round "6.13"]
[White "Scherrer, Gilles"]
[Black "Le Berre, Tennessee"]
[Result "0-1"]
[WhiteElo "1768"]
[BlackElo "1834"]
[PlyCount "96"]

1. e4 c5 2. d4 cxd4 3. c3 d3 4. Bxd3 Nc6 5. Nf3 d6 6. O-O Nf6 7. Bg5 e6 8. Nbd2
Be7 9. Qc2 h6 10. Be3 Qc7 11. b4 d5 12. b5 dxe4 13. Nxe4 Nb8 14. Rab1 b6 15. a4
O-O 16. c4 Nbd7 17. Rfc1 Nxe4 18. Bxe4 Bb7 19. Bxb7 Qxb7 20. Nd4 Bc5 21. Qe2
Bxd4 22. Bxd4 Rac8 23. Rb3 Nc5 24. Rg3 f6 25. Bxc5 Rxc5 26. Qxe6+ Kh8 27. Rd3
Re5 28. Qd6 Rfe8 29. Qb4 Re2 30. Rdd1 Qe4 31. Qc3 Qf4 32. Rf1 Ra2 33. Ra1 Ree2
34. Rxa2 Rxa2 35. Qb3 Qd2 36. Qf3 Rxa4 37. Rd1 Qc2 38. h3 Rxc4 39. Rd8+ Kh7 40.
Rd7 Qb1+ 41. Kh2 Qxb5 42. Qd3+ f5 43. Rd5 Qc6 44. Rxf5 Qg6 45. Qf3 a6 46. Rf8
b5 47. Ra8 Qd6+ 48. g3 Qc6 0-1

[Event "Championnat de France des Jeunes - Junio"]
[Site "Aix les Bains"]
[Date "2009.04.23"]
[Round "6.14"]
[White "Dolz, Elisabeth"]
[Black "Scalia, Jerome"]
[Result "0-1"]
[WhiteElo "1718"]
[BlackElo "1833"]
[PlyCount "86"]

1. e4 c5 2. Nc3 Nc6 3. g3 g6 4. Bg2 Bg7 5. d3 e6 6. f4 Nge7 7. Nf3 d5 8. O-O
O-O 9. Bd2 b5 10. Qe2 Nd4 11. Nxd4 Bxd4+ 12. Be3 Bxe3+ 13. Qxe3 d4 14. Qd2 dxc3
15. Qxc3 Qd4+ 16. Qxd4 cxd4 17. a4 b4 18. a5 Rb8 19. Rfc1 Ba6 20. c4 dxc3 21.
bxc3 b3 22. Rd1 b2 23. Rab1 Rfd8 24. d4 Rb3 25. Rd2 Rxc3 26. Rbxb2 Rc4 27. d5
exd5 28. exd5 Nf5 29. Kf2 Nd6 30. Rdc2 Kf8 31. Rxc4 Bxc4 32. Rc2 Re8 33. Bf3
Rb8 34. Be2 Bxd5 35. Rc7 Rb7 36. Rxb7 Nxb7 37. a6 Nc5 38. g4 Be6 39. Kg3 Bc8
40. h4 Bxa6 41. Bd1 Bc4 42. Bc2 a5 43. h5 a4 0-1

[Event "Championnat de France des Jeunes - Junio"]
[Site "Aix les Bains"]
[Date "2009.04.23"]
[Round "6.15"]
[White "Duveau, Erwan"]
[Black "Saint-Gilles, Damien"]
[Result "1/2-1/2"]
[WhiteElo "1784"]
[BlackElo "1669"]
[PlyCount "114"]

1. e4 d5 2. exd5 Qxd5 3. Nc3 Qd6 4. d4 Nf6 5. Nf3 Bf5 6. Be2 e6 7. O-O Be7 8.
Bg5 c6 9. a3 h6 10. Bh4 O-O 11. Bg3 Qd8 12. Qd2 Nd5 13. Nxd5 cxd5 14. c3 Nd7
15. Bd3 Bxd3 16. Qxd3 a6 17. Rfe1 Nf6 18. Bh4 Ne4 19. Bxe7 Qxe7 20. Nd2 Nd6 21.
Re3 b5 22. Rae1 Nf5 23. Qxf5 a5 24. Qxd5 b4 25. Qc5 Qxc5 26. dxc5 bxa3 27. bxa3
Rab8 28. Re4 Rfd8 29. Rd4 Rdc8 30. Rb1 Rxb1+ 31. Nxb1 Rxc5 32. c4 e5 33. Rd5
Rxc4 34. Nd2 Ra4 35. Rd3 e4 36. Rc3 Rd4 37. Nf1 f5 38. g3 g5 39. Ne3 f4 40.
gxf4 gxf4 41. Nc2 Rd3 42. Rc8+ Kf7 43. Kg2 Rd2 44. Kf1 e3 45. fxe3 fxe3 46.
Nxe3 Rxh2 47. Rc5 h5 48. Rxa5 h4 49. Kg1 Ra2 50. Ng2 h3 51. Nf4 h2+ 52. Kh1 Ke7
53. Ng2 Kd6 54. Ne3 Kc6 55. Nd5 Rb2 56. a4 Kd6 57. Rb5 Rxb5 1/2-1/2

[Event "Championnat de France des Jeunes - Junio"]
[Site "Aix les Bains"]
[Date "2009.04.23"]
[Round "6.16"]
[White "Gillet, Noel"]
[Black "Dupont, Ludovic"]
[Result "1-0"]
[WhiteElo "1690"]
[BlackElo "1350"]
[PlyCount "59"]

1. d4 Nf6 2. c4 e6 3. Nc3 d5 4. cxd5 exd5 5. Bg5 Be7 6. e3 O-O 7. Bd3 c5 8. Qc2
g6 9. dxc5 Nbd7 10. Nf3 Nxc5 11. Rd1 Nfe4 12. Bxe4 Bxg5 13. Rxd5 Qe7 14. Nxg5
Nxe4 15. Qxe4 Qxe4 16. Ngxe4 Be6 17. Rd4 Rfd8 18. Rxd8+ Rxd8 19. Ke2 Kg7 20.
Rd1 Re8 21. Rd4 Re7 22. a3 f5 23. Nc5 Kf6 24. Nxe6 Kxe6 25. Kf3 Rd7 26. Rxd7
Kxd7 27. Kf4 h6 28. h4 Kd6 29. h5 gxh5 30. Kxf5 1-0

[Event "Championnat de France des Jeunes - Junio"]
[Site "Aix les Bains"]
[Date "2009.04.23"]
[Round "6.17"]
[White "Doziere, Nicolas"]
[Black "Kopp, Tristan"]
[Result "0-1"]
[WhiteElo "1290"]
[BlackElo "1410"]
[PlyCount "114"]

1. e4 e5 2. Nf3 Nc6 3. Nc3 Nf6 4. Bc4 h6 5. d3 Bc5 6. Be3 Bxe3 7. fxe3 d6 8. d4
Bd7 9. d5 Na5 10. Bd3 c6 11. b4 Qb6 12. bxa5 Qxe3+ 13. Qe2 Qc5 14. Qd2 Qxa5 15.
dxc6 Bxc6 16. Nh4 d5 17. exd5 Nxd5 18. Nxd5 Qxd5 19. Nf5 e4 20. Ne3 Qe5 21. Nc4
Qxa1+ 22. Qd1 Qxd1+ 23. Kxd1 exd3 24. cxd3 O-O 25. Rg1 Rfd8 26. Kd2 Bb5 27. Nb2
Rd7 28. a4 Bc6 29. Kc3 Rc8 30. Kc4 Bxa4+ 31. Kb4 Bc6 32. Rc1 Rdc7 33. Nc4 Bxg2
34. Ra1 a6 35. Ka5 f5 36. Nd6 Rf8 37. Kb6 Rd7 38. Nxb7 Bxb7 39. d4 Rff7 40. h4
f4 41. h5 f3 42. Rf1 Rxd4 43. Kc5 Re4 44. Kb6 f2 45. Ka5 Re1 46. Rxf2 Rxf2 47.
Kb6 Rh1 48. Kxb7 a5 49. Kb6 a4 50. Kc5 a3 51. Kd4 Re1 52. Kd3 a2 53. Kc3 a1=Q+
54. Kd3 Qd1+ 55. Kc3 Rc2+ 56. Kb3 Qb1+ 57. Ka3 Ra2# 0-1

[Event "Championnat de France des Jeunes - Cadets"]
[Site "Aix les Bains"]
[Date ""]
[Round "6.1"]
[White "Demuth, Adrien"]
[Black "Blum, Nicolas"]
[Result "1-0"]
[WhiteElo "2330"]
[BlackElo "2234"]
[Annotator ""]

1. d4 Nf6 2. c4 e6 3. Nc3 Bb4 4. Qc2 c5 5. dxc5 O-O 6. a3 Bxc5 7. Nf3 b6 8. Bf4
Bb7 9. Rd1 Nc6 10. e3 Rc8 11. Be2 Be7 12. O-O a6 13. b4 d6 14. e4 Qc7 15. Rd2
Ne5 16. Nxe5 dxe5 17. Be3 a5 18. Qb1 Ba6 19. Na4 Rb8 20. Rc1 Rfc8 21. c5 Bxe2
22. Rxe2 axb4 23. axb4 bxc5 24. Nxc5 Qc6 25. f3 Qb5 26. Rb2 Ne8 27. Qc2 Nd6 28.
Qc3 h6 29. h3 Nb7 30. Rbc2 Nd6 31. Qxe5 Qxb4 32. Nxe6 Bf6 33. Rxc8+ Nxc8 34.
Qc5 Qxc5 35. Nxc5 Nd6 36. Nd7 Rb3 37. Nxf6+ gxf6 38. Bxh6 f5 39. Rd1 Rb6 40.
Bf4 Nc4 41. exf5 Rb5 42. g4 Rb3 43. Kg2 Kg7 44. h4 1-0

[Event "Championnat de France des Jeunes - Cadet"]
[Site "Aix les Bains"]
[Date "2009.04.23"]
[Round "6.2"]
[White "Graca, Robert"]
[Black "Massoni, Michael"]
[Result "1/2-1/2"]
[WhiteElo "2170"]
[BlackElo "2272"]
[PlyCount "67"]

1. Nf3 Nf6 2. c4 g6 3. Nc3 d5 4. Qa4+ c6 5. cxd5 Nxd5 6. Qd4 f6 7. e4 Nb6 8.
Qxd8+ Kxd8 9. d4 Bg7 10. Be2 Be6 11. O-O Ke8 12. Rd1 N8d7 13. d5 cxd5 14. exd5
Bf7 15. Be3 a6 16. Rac1 Rc8 17. h3 h6 18. a4 Kd8 19. Nd4 Nxd5 20. Nxd5 Rxc1 21.
Bxc1 Bxd5 22. Nf5 gxf5 23. Rxd5 e6 24. Rd1 Kc7 25. Bc4 Re8 26. Bf4+ e5 27. Bd2
Bf8 28. Bf7 Rc8 29. Bg6 f4 30. Kf1 b6 31. Rc1+ Nc5 32. Bb4 a5 33. Bxc5 Bxc5 34.
Ke2 1/2-1/2

[Event "Championnat de France des Jeunes - Cadet"]
[Site "Aix les Bains"]
[Date "2009.04.23"]
[Round "6.3"]
[White "Sochacki, Wojtek"]
[Black "Stephan, Victor"]
[Result "0-1"]
[WhiteElo "2212"]
[BlackElo "2168"]
[PlyCount "156"]

1. e4 c5 2. Nf3 d6 3. d4 Nf6 4. Nc3 cxd4 5. Nxd4 g6 6. Be3 Bg7 7. f3 Nc6 8. Qd2
O-O 9. Bc4 Bd7 10. O-O-O Rc8 11. Bb3 Ne5 12. Kb1 Re8 13. g4 b5 14. h4 b4 15.
Nce2 a5 16. h5 a4 17. hxg6 axb3 18. gxh7+ Kh8 19. cxb3 Qa5 20. Bh6 Bxh6 21.
Qxh6 Ra8 22. Nc1 Rec8 23. g5 Nfg4 24. fxg4 Rxc1+ 25. Kxc1 Qxa2 26. g6 Qa1+ 27.
Kd2 Qxb2+ 28. Ke1 Qc3+ 29. Qd2 Qg3+ 30. Qf2 Nd3+ 31. Rxd3 Qxd3 32. g7+ Kxg7 33.
h8=Q+ Rxh8 34. Rxh8 Qxe4+ 35. Ne2 Kxh8 36. Qh4+ Kg7 37. Qg5+ Qg6 38. Qxe7 Bxg4
39. Nf4 Qf6 40. Qxf6+ Kxf6 41. Nd5+ Kg5 42. Kf2 Be6 43. Nxb4 Bxb3 44. Ke3 f5
45. Nd3 Bc2 46. Nf4 Be4 47. Nh3+ Kf6 48. Kf4 Ke6 49. Ke3 Ke5 50. Ng5 f4+ 51.
Ke2 d5 52. Kf2 d4 53. Ke2 Kd5 54. Kd2 f3 55. Nh3 Ke5 56. Ke1 d3 57. Kd2 Bf5 58.
Nf2 Kf4 59. Nd1 Ke4 60. Nf2+ Kd4 61. Nh1 Bh3 62. Nf2 Bf1 63. Nh1 Be2 64. Nf2
Bf1 65. Nh1 Bh3 66. Nf2 Bf5 67. Nh1 Bd7 68. Nf2 Bb5 69. Nd1 Ba4 70. Nf2 Bc2 71.
Nh1 Ke4 72. Nf2+ Kf4 73. Nh1 Kg4 74. Ke3 Bb1 75. Nf2+ Kg3 76. Ne4+ Kg2 77. Nf2
d2 78. Nd1 Bc2 0-1

[Event "Championnat de France des Jeunes - Cadet"]
[Site "Aix les Bains"]
[Date "2009.04.23"]
[Round "6.4"]
[White "Ollier, Pablo"]
[Black "Allorant, Adrien"]
[Result "1-0"]
[WhiteElo "2200"]
[BlackElo "2076"]
[PlyCount "113"]

1. d4 Nf6 2. c4 e6 3. Nc3 Bb4 4. e3 b6 5. Nge2 Ba6 6. Ng3 Bxc3+ 7. bxc3 d5 8.
Ba3 Bxc4 9. Bxc4 dxc4 10. Qa4+ Qd7 11. Qxc4 Qc6 12. Qxc6+ Nxc6 13. c4 O-O-O 14.
Rc1 Kb7 15. f3 h5 16. h4 Ng8 17. Kf2 Nge7 18. Ne4 Nf5 19. Nd2 Ne5 20. Rb1 Kc8
21. Rhd1 Nc6 22. g3 f6 23. Ne4 e5 24. d5 Na5 25. Rbc1 c5 26. Bb2 Nb7 27. a4
Nbd6 28. Nd2 Kc7 29. Bc3 a5 30. Rb1 Rhe8 31. Rh1 Rh8 32. Rbg1 Rdg8 33. Rh3 Rh6
34. Rgh1 Rgh8 35. Ke2 Kd7 36. Kd3 Ne7 37. Rb1 Kc7 38. e4 Ng6 39. Rh2 Rf8 40.
Re2 Re8 41. Nb3 Rhh8 42. Bxa5 Ra8 43. Bxb6+ Kxb6 44. a5+ Kc7 45. Nxc5 Rxa5 46.
Ne6+ Kd7 47. Reb2 Ra3+ 48. Rb3 Rha8 49. c5 Nb5 50. c6+ Kc8 51. Kc4 Rxb3 52.
Rxb3 Nd4 53. Nxd4 Ra4+ 54. Kc5 Rxd4 55. Kd6 Ra4 56. Rb7 f5 57. Rxg7 1-0

[Event "Championnat de France des Jeunes - Cadet"]
[Site "Aix les Bains"]
[Date "2009.04.23"]
[Round "6.5"]
[White "Hoareau, William"]
[Black "Villegas, Pierre"]
[Result "0-1"]
[WhiteElo "2138"]
[BlackElo "2195"]
[PlyCount "128"]

1. d4 Nf6 2. Bg5 Ne4 3. Bf4 c5 4. f3 Qa5+ 5. c3 Nf6 6. Nd2 cxd4 7. Nb3 Qf5 8.
Bxb8 Rxb8 9. Qxd4 b6 10. e4 Qf4 11. Nh3 Qc7 12. e5 Ng8 13. Ng5 f6 14. exf6 Nxf6
15. Bd3 e5 16. Qh4 Be7 17. Bxh7 Kf8 18. Qh3 Nxh7 19. Qf5+ Nf6 20. Nd2 d5 21.
Qg6 Bd6 22. Qd3 b5 23. a3 Bd7 24. Qg6 Bc8 25. Qd3 Rh6 26. Rd1 Bd7 27. Nde4 dxe4
28. Qxd6+ Qxd6 29. Rxd6 exf3 30. Nxf3 e4 31. Ng5 Ke7 32. Ra6 Rbh8 33. Rxa7 Rxh2
34. Rxh2 Rxh2 35. Kf2 e3+ 36. Kxe3 Rxg2 37. Nf3 Rxb2 38. Nd2 Nd5+ 39. Kd3 Nf4+
40. Ke3 Ng2+ 41. Kd3 Ne1+ 42. Ke2 Nc2 43. c4 Ra2 44. cxb5 Nd4+ 45. Ke3 Nxb5 46.
Rb7 Rxa3+ 47. Kf4 Ra4+ 48. Kg3 Nd6 49. Rb2 Ne4+ 50. Nxe4 Rxe4 51. Rb6 g5 52.
Rg6 g4 53. Rg7+ Kd6 54. Rg5 Re5 55. Rg6+ Kd5 56. Rg7 Be6 57. Ra7 Re3+ 58. Kf2
Rf3+ 59. Kg2 Bf5 60. Ra5+ Ke4 61. Ra4+ Ke3 62. Ra3+ Kf4 63. Ra4+ Be4 64. Kg1
Rc3 0-1

[Event "Championnat de France des Jeunes - Cadets"]
[Site "Aix les Bains"]
[Date ""]
[Round "6.6"]
[White "Li, Frederic"]
[Black "Devallee, Jeremie"]
[Result "1-0"]
[WhiteElo "2240"]
[BlackElo "2030"]
[Annotator ""]

1. Nf3 Nf6 2. c4 d5 3. cxd5 Nxd5 4. e4 Nb6 5. d4 c6 6. Be2 g6 7. O-O Bg7 8. Nc3
O-O 9. h3 h6 10. Be3 Na6 11. Bxa6 bxa6 12. Na4 Rb8 13. Nc5 Nd7 14. Nxd7 Bxd7
15. Qc2 f5 16. e5 f4 17. Bd2 Bf5 18. Qc4+ e6 19. Bb4 Re8 20. b3 Be4 21. Bd6 Rb7
22. Nd2 Bd5 23. Qd3 Qg5 24. f3 Rd8 25. Ne4 Qf5 26. Rac1 Rxd6 27. exd6 Rd7 28.
Rfd1 Bf8 29. Nc5 Qxd3 30. Rxd3 Rxd6 31. Nxa6 Rd7 32. Nc5 Rd8 33. Ne4 Kf7 34.
Nc3 c5 35. dxc5 Bxc5+ 36. Kh1 Be3 37. Rcd1 Rc8 38. Nxd5 exd5 39. Rxd5 Rc2 40.
Ra5 Ke6 41. a4 h5 42. Ra6+ Kf7 43. Rb1 g5 44. Ra5 Kg6 45. Rd5 g4 46. hxg4 hxg4
47. fxg4 Rc8 48. Rh5 Kf6 49. Kh2 Rc3 50. b4 Ra3 51. a5 Ra2 52. Kh3 Ra3 53. Kh2
Ra2 54. Rd1 Ke6 55. Rf5 Bd2 56. Rxd2 Rxd2 57. Rxf4 Rd5 58. Kg3 Rd2 59. g5 Rd7
60. Kg4 Ke5 61. g6 Rg7 62. Kg5 1-0

[Event "Championnat de France des Jeunes - Cadet"]
[Site "Aix les Bains"]
[Date "2009.04.23"]
[Round "6.7"]
[White "Ludwig, Remi"]
[Black "Paci, Romain"]
[Result "1-0"]
[WhiteElo "2202"]
[BlackElo "2017"]
[PlyCount "73"]

1. d4 g6 2. e4 c6 3. Nc3 d5 4. f3 Bg7 5. Be3 Nf6 6. e5 Nfd7 7. Qd2 e6 8. O-O-O
O-O 9. h4 c5 10. dxc5 Nxe5 11. h5 Nbc6 12. g4 d4 13. Qh2 g5 14. h6 Bh8 15. Ne4
f6 16. c3 d3 17. Kb1 b6 18. Qg3 Ba6 19. f4 Nf7 20. Rh5 bxc5 21. Nxc5 Bc4 22.
Bxd3 Bxd3+ 23. Rxd3 Qa5 24. Nxe6 Rfb8 25. fxg5 fxg5 26. Bxg5 Rxb2+ 27. Kxb2
Rb8+ 28. Qxb8+ Nxb8 29. Bd8 Qa6 30. Nc5 Qf6 31. Kc2 Nc6 32. Bc7 Qg6 33. Kd2
Nce5 34. Bxe5 Bxe5 35. Nd7 Qxg4 36. Rxe5 Nxe5 37. Nxe5 1-0